00547nam a2200181Ia 4500001001000000003000500010008004100015010001100056040000900067100001300076245009700089260003400186300001000220650002700230650002200257650002700279710005900306Para_7109CHAP220125s1987 xx 000 0 und d a205995 cCHAP aEyal, Z. aThe septoria diseases of wheat :b concepts and methods of disease management /c by Z. Eyal aEl Batán, Méx. :b CIMMYT a46 p. aHongos fitopatógenos aSeptoria tritici  aTrigo x enfermedades  aCentro Internacional de Mejoramiento de Maíz y Trigo